LEADER 01190nam 2200337Ia 450 001 996389046603316 005 20221108080117.0 035 $a(CKB)1000000000636506 035 $a(EEBO)2240889562 035 $a(OCoLC)38875493 035 $a(EXLCZ)991000000000636506 100 $a19980331d1680 uy | 101 0 $aeng 135 $aurbn||||a|bb| 200 13$aAn abridgement of Christian doctrine$b[electronic resource] $ewith proofs of Scripture for points controverted, catechistically explained by way of question and answer 205 $aThe last edition, with additions. 210 $aBasileæ $c[s.n.]$dM DC LXXX [1680] 215 $a[7+], 352, p 300 $aImperfect: pages tightly bound with some loss of print; p. [8+], 1-3 lacking in film copy. 300 $aReproduction of original in the Newberry Library. 330 $aeebo-0101 606 $aCatechisms, English$vEarly works to 1800 615 0$aCatechisms, English 700 $aTurberville$b Henry$fd. 1678.$0793399 801 0$bEAE 801 1$bEAE 801 2$bWaOLN 906 $aBOOK 912 $a996389046603316 996 $aAn abridgement of Christian doctrine$92329246 997 $aUNISA